Start with A, ends with N - Statistics

General Stats
  • This quiz has been taken 26 times
  • The average score is 9 of 15
Answer Stats
Question Answer % Correct
In maths, the opposite of subtraction Addition
100%
ALF and ET? Alien
96%
Pertaining to the USA American
96%
Protective clothing worn by cooks, butchers, nurses Apron
91%
The place one would find bidders and a gavel? Auction
78%
The middle name of Elvis Presley Aaron
65%
Good sense/instinct/knowledge, especially in business Acumen
65%
Related to Akin
61%
Literary device, where initial letters of words are all the same Alliteration
61%
60s pop band ______ Corner, sang 'Bend Me, Shape Me' Amen
52%
Reddy brown colour Auburn
52%
Ray, ventriloquist, who's puppet was Lord Charles Allen
48%
Northwest England town, ______-under-Lyne Ashton
39%
Scuff? Abrasion
17%
The act of exhausting by constant harassment Attrition
13%
No matching quizzes found
Score Distribution
Percent of People with Each Score
Percentile by Number Answered
Your Score History
You have not taken this quiz